| LEADER |
00971nam0a2200229 450 |
| 001 |
16855657 |
| 010 |
|
|
|a 978-2-8001-6106-8
|b rel.
|d 14,5
|
| 100 |
|
|
|a 20211216d2026 u u0frey01 ba
|
| 101 |
0 |
|
|a fre
|
| 102 |
|
|
|a BE
|
| 200 |
0 |
|
|a fille de l'air (La)
|f Arthur de Pins
|
| 207 |
|
1 |
|a
|
| 210 |
|
|
|a Paris
|b 57, bd de La Villette
|c Dupuis
|d DL 2020
|
| 215 |
|
|
|a 1 vol. (non paginé [46] p.)
|c ill. en coul.
|d 32 cm
|
| 225 |
1 |
|
|a Zombillénium
|v 4
|
| 300 |
|
|
|a Diffusé en France
|
| 330 |
|
|
|a Alors que le parc Zombillénium marche comme jamais, Gretchen, Aurélien et Francis organisent la résistance afin de sauver les âmes damnées. Après cinq ans dattente, et un film d'animation, la série est de retour pour notre grand plaisir.
|
| 461 |
|
0 |
|t Zombillénium
|v 4
|
| 700 |
|
0 |
|a Pins
|b Arthur de
|f 1977-....
|4 70
|
| 900 |
|
|
|a Bande Dessinée (enfants)
|
| 901 |
|
|
|a Jeunesse
|
| 995 |
|
|
|a Médiathèque
|c Médiathèque
|f 089018469
|h 089018469
|k BD ZOM 4
|o p
|q j
|r az
|e Médiathèque
|